000 01083nam a2200205 a 4500
001 52443
005 20180714042310.0
008 140415s2006 xxu 000 0 spa d
020 _a1412924898
041 _aspa
082 _a300.72
_bMAR
100 1 _aMARSHALL, CATHERINE
245 1 0 _aDESIGNING QUALITATIVE RESEARCH
250 _a4ed.
260 _aESTADOS UNIDOS DE AMERICA :
_bSAGE PUBLICATIONS,
_c2006
300 _a300
_c15.2 x 1.5 x 22.5
520 _aTHE FOURTH EDITION OF THE BEST-SELLING TEXT DESIGNING QUALITATIVE RESEARCH ONCE AGAIN PROVIDES PRAGMATIC GUIDANCE FOR DEVELOPING AND SUCCESSFULLY DEFEDING PROPOSALS FOR QUALITATIVE INQUIRY. WITH EXPANDED COVERAGE OF ETHICS, ANALYSIS PROCESSES, AND APRPROACHES, AUTHORS CATHERINE MARSHALL AND GRETCHEN B. ROSSMAN HAVE UP DATED THIS HIGHLY POPULAR TEXT TO REFLECT THE ADVANCES AND CHALLENGES PRESENTED BY PROVOCATIVE DEVELOPMENTS AND NEW APPLICATIONS SINCE THE PREVIOUS EDITION.
650 1 4 _aCIENCIAS SOCIALES
_xINVESTIGACION
_xCIENCIAS SOCIALES
_xMETODOLOGIA
700 1 _aROSSMAN, GRETCHEN B.
_ecoaut.
999 _c52443
_d52443